Economic valuation of wetland plant, animal, and fish species of Tasek Bera and residents' perceptions on development and conservation

Bibliographic Details
Main Author: MOHD Shahwahid Othman
Corporate Authors: Asian Wetland Bureau, Universiti Malaya, World Wildlife Fund Malaysia
Other Authors: Mustapha Raja Abdullah , Nik
Format: Book
Published: Kuala Lumpur : Asian Wetland Bureau : Institute of Advanced Studies, University of Malaya : WWF Malaysia , [1991]
Series:[AWB publication ; no. 77]
Subjects:

MARC

LEADER 00000cam a2200000 7i4500
001 0000002492
005 20030709.0
090 0 0 |a 577.698   |b MOH 1991 
100 0 0 |a MOHD Shahwahid Othman 
245 1 0 |a Economic valuation of wetland plant, animal, and fish species of Tasek Bera and residents' perceptions on development and conservation   |c by Mohd. Shahwahid Haji Othman, Nik Mustapha Raja Abdullah 
260 0 0 |a Kuala Lumpur :   |b Asian Wetland Bureau :   |b Institute of Advanced Studies, University of Malaya :   |b WWF Malaysia ,   |c [1991] 
300 |a iv, 46 leaves :   |b ill., maps ;   |c 30 cm. 
440 0 0 |a [AWB publication ; no. 77] 
650 0 0 |a Semelai (Malaysian people)   |x Economic conditions 
650 0 0 |a Wetland conservation   |z Malaysia 
650 0 0 |a Wetlands   |x Economic aspects   |z Malaysia 
700 0 1 |a Mustapha Raja Abdullah ,   |c Nik 
710 1 1 |a Asian Wetland Bureau 
710 1 1 |a Universiti Malaya ,   |c Institut Pengajian Tinggi 
710 1 1 |a World Wildlife Fund Malaysia 
998 |a JPSM 
999 |a 0000004058   |b Monograph   |c Open Shelf   |e Default branch